Flexibilné úväzky sú cestou k úsporám
Flexibilné a čiastočné pracovné úväzky na Slovensku a v Európskej únii. Zosúladenie pracovného a súkromného života. Manažment a skúsenosti z firiem.
Enregistré dans:
| Auteur principal: | |
|---|---|
| Format: | Chapitre de livre |
| Langue: | slovaque |
| Sujets: | |
| Tags: |
Pas de tags, Soyez le premier à ajouter un tag!
|
MARC
| LEADER | 00000naa a2200000 4500 | ||
|---|---|---|---|
| 001 | 0149389 | ||
| 005 | 20240502072703.4 | ||
| 041 | 0 | |a slo | |
| 044 | |a SK | ||
| 245 | 1 | 0 | |a Flexibilné úväzky sú cestou k úsporám |c Katarína Chomová |
| 520 | |a Flexibilné a čiastočné pracovné úväzky na Slovensku a v Európskej únii. Zosúladenie pracovného a súkromného života. Manažment a skúsenosti z firiem. | ||
| 610 | 2 | 0 | |a Slovensko |
| 610 | 2 | 0 | |a Európska únia |
| 610 | 2 | 0 | |a čas pracovný pohyblivý |
| 610 | 2 | 0 | |a doba pracovná |
| 610 | 2 | 0 | |a práca z domu |
| 610 | 2 | 0 | |a kategórie pracovné |
| 610 | 2 | 0 | |a zamestnanosť |
| 100 | 1 | |a Chomová, Katarína, 1983- | |